MCAT comprehensive review / (Record no. 114243)
[ view plain ]
| 000 -LEADER | |
|---|---|
| fixed length control field | 00929nam a2200265Ia 4500 |
| 008 - FIXED-LENGTH DATA ELEMENTS--GENERAL INFORMATION | |
| fixed length control field | |
| 020 ## - INTERNATIONAL STANDARD BOOK NUMBER | |
| International Standard Book Number | 068486746X (pbk.) |
| 049 ## - LOCAL HOLDINGS (OCLC) | |
| Holding library | MAIN |
| 090 ## - LOCALLY ASSIGNED LC-TYPE CALL NUMBER (OCLC); LOCAL CALL NUMBER (RLIN) | |
| Classification number (OCLC) (R) ; Classification number, CALL (RLIN) (NR) | R838.5 |
| Local cutter number (OCLC) ; Book number/undivided call number, CALL (RLIN) | MCA |
| 003 - CONTROL NUMBER IDENTIFIER | |
| control field | |
| 005 - DATE AND TIME OF LATEST TRANSACTION | |
| control field | 20230120203935.0 |
| 040 ## - CATALOGING SOURCE | |
| Transcribing agency | NUST |
| 245 00 - TITLE STATEMENT | |
| Title | MCAT comprehensive review / |
| Statement of responsibility, etc. | editor: Rochelle Rothstein. |
| 246 13 - VARYING FORM OF TITLE | |
| Title proper/short title | Kaplan MCAT comprehensive review. |
| 246 3# - VARYING FORM OF TITLE | |
| Title proper/short title | Medical College Admissions Test comprehensive review. |
| 250 ## - EDITION STATEMENT | |
| Edition statement | 2000 ed. |
| 260 ## - PUBLICATION, DISTRIBUTION, ETC. | |
| Place of publication, distribution, etc. | New York, N.Y. : |
| Name of publisher, distributor, etc. | Simon & Schuster, |
| Date of publication, distribution, etc. | c1999. |
| 300 ## - PHYSICAL DESCRIPTION | |
| Extent | xiv, 1069 p. : |
| Other physical details | ill. ; |
| Dimensions | 28 cm + |
| Accompanying material | 1 computer laser optical disc (4 3/4 in.). |
| 650 #0 - SUBJECT ADDED ENTRY--TOPICAL TERM | |
| Topical term or geographic name entry element | Medical colleges |
| General subdivision | Entrance examinations |
| Form subdivision | Study guides. |
| 650 #0 - SUBJECT ADDED ENTRY--TOPICAL TERM | |
| Topical term or geographic name entry element | Medicine |
| Form subdivision | Examinations, questions, etc. |
| 700 1# - ADDED ENTRY--PERSONAL NAME | |
| Personal name | Rothstein, Rochelle. |
| 710 2# - ADDED ENTRY--CORPORATE NAME | |
| Corporate name or jurisdiction name as entry element | Stanley H. Kaplan Educational Center. |
| 907 ## - LOCAL DATA ELEMENT G, LDG (RLIN) | |
| a | .b10221700 |
| b | 20-03-12 |
| c | 01-12-06 |
| 942 ## - ADDED ENTRY ELEMENTS (KOHA) | |
| Koha item type | Ordinary Loan Books |
| Call number prefix | R838.5 |
| Call number suffix | MCA |
| Date last seen | Total Checkouts | Full call number | Barcode | Cost, replacement price | Price effective from | Koha item type | Lost status | Source of classification or shelving scheme | Damaged status | Not for loan | Collection | Withdrawn status | Home library | Current library | Shelving location | Date acquired | Cost, normal purchase price |
|---|---|---|---|---|---|---|---|---|---|---|---|---|---|---|---|---|---|
| 01/20/2023 | R838.5 ROC | 92004005393 | 80.00 | 01/20/2023 | BOOKS | LCC | NFIC | Medical | Medical | GEN | 01/20/2023 | 80.00 |